=LDR 00000nam 2200000 4500 =001 INLIS000000000014534 =005 20130612105820 =008 ***********************************Ind** =035 ##$$0010-061300000014534 =041 ##$$a Ind =082 ##$$a 340.1 =090 ##$$a 340.1, Soe f =100 ##$$a Soetiksno =245 ##$$a Filsafat hukum, bagian 1, Soetiksno =260 ##$$a 2003 $b Jakarta =300 ##$$a vii, 90 hlm, 21 cm =650 ##$$a Filsafat hukum =850 ##$$a NBPNMAT =990 ##$$a 1198611986 =990 ##$$a 23991 pb.07 =990 ##$$a 30500371 =990 ##$$a 30500372 =990 ##$$a 30500373 =990 ##$$a 30500374